Countries Without a Capital - Statistics

General Stats
  • This quiz has been taken 164 times
  • The average score is 3 of 6
Answer Stats
Country De Facto Capital % Correct
Nauru Yaren
70%
Vatican City Vatican City
63%
Monaco Monaco
58%
Switzerland Bern
42%
Liechtenstein Vaduz
41%
Singapore Singapore
39%
No matching quizzes found
Score Distribution
Percent of People with Each Score
Percentile by Number Answered
Your Score History
You have not taken this quiz